Statistics for Lower Limb - 2

Click here to take the quiz!

General Stats

  • This quiz has been taken 8 times
  • The average score is 10 of 14

Answer Stats

HintAnswer% Correct
On the posterior surface of the calcaneus there is a smooth uper part, what tendon inserts into this?Achilles
100%
What bone makes the lateral malleolus?Fibula
100%
Does the fibula articulate with the femur?No
100%
Which dermatome is the lateral side of the foot?S1
100%
How many bones are there in the foot?26
75%
The talus and what other bone form the subtalar joint?Calcaneus
75%
Which set of bones in the foot have joints with the proximal end of the metatarsals?Cuneiform
75%
What type of arching is maintained by the plantar calcaneonavicalur ligament on the medial side, and the long and short plantar ligaments on the lateral side?Longitudinal
75%
What is the name of the feature of the tibia to which the soleus muscle attaches?Soleal line
75%
Which ankle bone articulates with both the fibula and tibia?Talus
75%
Where distally does the patellar ligament insert?Tibial tuberosity
75%
The tibial plateau is split up into two areas the medial and lateral tibial condyles. What is the name for the ridge of bone that seperates the two?Intercondylar eminence
25%
What is the general term for the veins connecting the superficial veins of the leg to the deep veins?Perforating
25%
What is the name of the shelf which has a groove on the inferior surface that the flexor hallucis longus tendon passes through on the calcaneus?Sustentaculum tali
25%

Score Distribution

Percentile by Number Answered

Percent of People with Each Score

Your Score History

You have not taken this quiz